25 χρόνια της Κυπριακής λογοτεχνίας : 1960 - 1985
Αποθηκεύτηκε σε:
| Άλλοι συγγραφείς: | |
|---|---|
| Μορφή: | Βιβλίο |
| Γλώσσα: | Greek |
| Δημοσίευση: |
Λευκωσία :
Εθνική Εταιρεία Ελλήνων Λογοτεχνών Κύπρου,
1987
|
| Θέματα: | |
| Ετικέτες: |
Προσθήκη ετικέτας
Δεν υπάρχουν, Καταχωρήστε ετικέτα πρώτοι!
|
MARC
| LEADER | 00000nam a2200000 i 4500 | ||
|---|---|---|---|
| 001 | 1/85885 | ||
| 008 | 970327s1987 gre d | ||
| 035 | |a 1993 |b 1 |c Δωρεά |l 10034818 | ||
| 040 | |a GR-MY-UA |b gre |e aacr | ||
| 041 | 0 | |a gre | |
| 082 | 0 | |a 889.01 | |
| 245 | 1 | 0 | |a 25 χρόνια της Κυπριακής λογοτεχνίας : |b 1960 - 1985 / |c πρόλογος-επιμέλεια Κύπρος Χρυσάνθης |
| 260 | |a Λευκωσία : |b Εθνική Εταιρεία Ελλήνων Λογοτεχνών Κύπρου, |c 1987 | ||
| 300 | |a 83 σ. | ||
| 650 | 0 | 0 | |a Cyprian literature |x History and criticm. |
| 700 | 1 | |a Χρυσάνθης, Κύπρος |d 1915- |4 edt | |
| 852 | |a INST |b RHODES |e 19970327 |h 889.01 ΧΡΟ |p 005400000270 |q 005400000270 |t BK |y 0 | ||
| 909 | |a Ρ |b 024618 |c 1993 | ||
| 970 | |z 2000/07/ΟΙΚΟΝΟΜΟΠΟΥΛΟΥ (SUBJECT) | ||